Estatísticas para As Pessoas mais Famosas do Mundo

Clique aqui para jogar o quiz

Estatísticas Gerais

  • Esse quiz foi jogado 265 vezes
  • A pontuação média é 8 de 16

Estatísticas das Respostas

Resposta% Correto
Jesus
100%
Michael Jackson
88%
Albert Einstein
83%
Abraham Lincoln
66%
Diana
66%
Leonardo da Vinci
51%
Machado de Assis
50%
Napoleão Bonaparte
50%
Aristóteles
46%
Isaac Newton
44%
Beethoven
38%
Papa João Paulo II
33%
Margaret Thatcher
31%
Shakespeare
30%
Homero
7%
Santa Joana d'Arc
4%

Distribuição das Pontuações

Percentil de Números Respondidos

Porcentagem de Pessoas com Cada Pontuação

Sua Pontuação Histórica

Você não jogou esse quiz